01176nam a2200253 a 4500008004100000020001500041050001600056100002100072245004100093250001200134260003900146300002300185350000900208490006700217490006600284650003600350650003100386650001300417700002400430995015900454995014600613995014600759999001700905120416s1999 ||||||||||||||||| || u a0256239525 aHD 30.4 Coo aCooper, Donald R10aBusiness research methods. (6th ed.) a6th ed. aNew Delhi:bTata McGraw-Hillc1999 axvi, 703 p. : ill. a0.00 aThe Irwin/McGraw-Hill series, operations and decision sciences vIrwin/McGraw-Hill series in operations and decision sciences. aINDUSTRIAL MANAGEMENT--RESEARCH 0aSOCIAL SCIENCES--RESEARCH  0aBUSINESS aSchindler, Pamela S aBINDERY (DAMAGED)D0.00e732194FCBU-MAIN LIBRARY (Kitwe)H1I0.00jHD 30.4.E47 COOM4UDAMAGEDWMay 23, 2006y029642ZMain Library Open Access Collection aMAIN LIBRARY OPEN ACCESSD0.00e732196FCBU-MAIN LIBRARY (Kitwe)H2I30.00jHD 30.4 COOM2ULOSTy732196ZMain Library Open Access Collection aBINDERY (DAMAGED)D0.00e732195FCBU-MAIN LIBRARY (Kitwe)H1I30.00jHD 30.4.E47 COOM1UDAMAGEDy029643ZMain Library Open Access Collection c79065d79065